000 00745nam a2200217Ia 4500
001 4402
003 GE_BSU
008 181216s||||||||xx |||||||||||||| ||und||
040 _cGE_BSU
080 _a665.63+66(075.32)
100 _aФарамазов С.А.
245 _aОборудование нефтеперерабатывающих заводов и его эксплуатация.
245 _b2-е изд. перераб. и доп
245 _cред. Р. Е. Миневич.
260 _aМосква
260 _bХимия
260 _c1984
300 _a328 с. 22 см.
653 _aОборудование нефтеперерабатывающих заводов и его эксплуатация.
942 _cBK
999 _c38392
_d38392